| 000 | 00776nam a2200229Ia 4500 | ||
|---|---|---|---|
| 003 | GCL | ||
| 008 | 140319s9999 xx 000 0 ara d | ||
| 020 | _a6544232977 | ||
| 040 |
_aGCL / _cGCL |
||
| 082 | 0 | 4 |
_a371.394 _bم ت |
| 100 | 1 | _aمجدى عزيز ابراهيم | |
| 245 | 1 | 0 |
_aالتفكير من خلال اساليب التعلم الذاتى / _cمجدى عزيز ابراهيم |
| 250 | _aالاولى | ||
| 260 |
_aالقاهرة : _bعالم الكتب ، _c2007 |
||
| 300 |
_a381 ص ؛ _c24 سم |
||
| 490 |
_aسلسلة التفكير والتعليم والتعلم _v7 |
||
| 650 | 0 | 4 | _aالتفكير |
| 650 | 0 | 4 | _aالقدرة العقلية |
| 650 | 0 | 4 | _aالتعليم الذاتى |
| 650 | 0 | 4 | _aالتعليم والتفكير |
| 942 |
_2ddc _cBK |
||
| 999 |
_c9722 _d9722 |
||